Commercial bank management / (Record no. 4052)
[ view plain ]
| 000 -LEADER | |
|---|---|
| fixed length control field | 01226cac a22003255a 4500 |
| 005 - DATE AND TIME OF LATEST TRANSACTION | |
| control field | 20150810133648.0 |
| 008 - FIXED-LENGTH DATA ELEMENTS--GENERAL INFORMATION | |
| fixed length control field | 150803s1999 xxuad||fr ||| 001 0ceng d |
| 020 ## - INTERNATIONAL STANDARD BOOK NUMBER | |
| International Standard Book Number | 9780071167550 |
| 020 ## - INTERNATIONAL STANDARD BOOK NUMBER | |
| International Standard Book Number | 0071167552 |
| 040 ## - CATALOGING SOURCE | |
| Original cataloging agency | EG-ScBUE |
| Language of cataloging | eng |
| Transcribing agency | EG-ScBUE |
| 082 04 - DEWEY DECIMAL CLASSIFICATION NUMBER | |
| Classification number | 332.120685 |
| Item number | ROS |
| Edition number | 22 |
| 100 1# - MAIN ENTRY--PERSONAL NAME | |
| Personal name | Rose, Peter S. |
| 245 10 - TITLE STATEMENT | |
| Title | Commercial bank management / |
| Statement of responsibility, etc | Peter S. Rose. |
| 250 ## - EDITION STATEMENT | |
| Edition statement | 4th ed., International ed. |
| 260 ## - PUBLICATION, DISTRIBUTION, ETC. (IMPRINT) | |
| Place of publication, distribution, etc | Boston : |
| Name of publisher, distributor, etc | Irwin/McGraw-Hill, |
| Date of publication, distribution, etc | [1999]. |
| 300 ## - PHYSICAL DESCRIPTION | |
| Extent | xxviii, 808 p. : |
| Other physical details | ill., tables ; |
| Dimensions | 24 cm. |
| 440 ## - | |
| -- | The Irwin/McGraw-Hill series in finance, insurance, and real estate |
| 500 ## - GENERAL NOTE | |
| General note | Index : p. 793-808. |
| 504 ## - BIBLIOGRAPHY, ETC. NOTE | |
| Bibliography, etc | Includes bibliographical references. |
| 590 ## - LOCAL NOTE (RLIN) | |
| Local note | mustafa galal. |
| 650 #4 - SUBJECT ADDED ENTRY--TOPICAL TERM | |
| Topical term or geographic name as entry element | Bank management. |
| Source of heading or term | BUEsh |
| 650 #4 - SUBJECT ADDED ENTRY--TOPICAL TERM | |
| Topical term or geographic name as entry element | Financial services industry -- |
| General subdivision | Management. |
| Source of heading or term | BUEsh |
| 9 (RLIN) | 11084 |
| 650 #4 - SUBJECT ADDED ENTRY--TOPICAL TERM | |
| Topical term or geographic name as entry element | Financial services industry--Management |
| Source of heading or term | BUEsh |
| 651 ## - SUBJECT ADDED ENTRY--GEOGRAPHIC NAME | |
| Source of heading or term | BUEsh |
| 653 ## - INDEX TERM--UNCONTROLLED | |
| Resource For college | BAEPS, Business Administration |
| Arrived date list | August2015 |
| 655 ## - INDEX TERM--GENRE/FORM | |
| Form subdivision | |
| -- | 34232 |
| 856 42 - ELECTRONIC LOCATION AND ACCESS | |
| Materials specified | Publisher description |
| Uniform Resource Identifier | <a href="http://www.loc.gov/catdir/description/mh023/98016998.html">http://www.loc.gov/catdir/description/mh023/98016998.html</a> |
| 856 42 - ELECTRONIC LOCATION AND ACCESS | |
| Materials specified | Table of contents |
| Uniform Resource Identifier | <a href="http://www.loc.gov/catdir/toc/mh022/98016998.html">http://www.loc.gov/catdir/toc/mh022/98016998.html</a> |
| 942 ## - ADDED ENTRY ELEMENTS (KOHA) | |
| Item type | Book - Borrowing |
| Call number prefix | 332.120685 ROS |
| Source of classification or shelving scheme | Dewey Decimal Classification |
| Withdrawn status | Item status | Damaged status | Not for loan | Home library | Current library | Shelving location | Date acquired | Source of acquisition | Total Checkouts | Total Renewals | Full call number | Barcode | Date last seen | Date last borrowed | Koha item type | Source of classification or shelving scheme |
|---|---|---|---|---|---|---|---|---|---|---|---|---|---|---|---|---|
| Central Library | Central Library | First floor | 07/08/2016 | Purchase | 2 | 33 | 332.120685 ROS | 000000111 | 15/07/2025 | 20/10/2013 | Book - Borrowing | |||||
| Central Library | Central Library | First floor | 16/08/2007 | Purchase | 2 | 9 | 332.120685 ROS | 000005214 | 15/07/2025 | 08/11/2015 | Book - Borrowing | |||||
| Central Library | Central Library | First floor | 07/09/2012 | Purchase | 3 | 55 | 332.120685 ROS | 000005753 | 15/07/2025 | 01/09/2014 | Book - Borrowing | |||||
| Central Library | Central Library | First floor | 16/08/2007 | Purchase | 4 | 18 | 332.120685 ROS | 000030080 | 15/07/2025 | 16/09/2015 | Book - Borrowing | Dewey Decimal Classification | ||||
| Central Library | Central Library | First floor | 16/08/2007 | Purchase | 6 | 37 | 332.120685 ROS | 000030113 | 15/07/2025 | 12/10/2015 | Book - Borrowing | Dewey Decimal Classification | ||||
| Central Library | Central Library | First floor | 16/08/2007 | Purchase | 2 | 8 | 332.120685 ROS | 000000289 | 15/07/2025 | 11/11/2021 | Book - Borrowing | |||||
| Central Library | Central Library | First floor | 16/08/2007 | Purchase | 4 | 22 | 332.120685 ROS | 000000217 | 15/07/2025 | 11/03/2014 | Book - Borrowing |